00393nam a2200157Ia 4500001000500000005001700005008004100022041000800063082001300071100003600084245006200120260000900182300002800191650000800219654000800227974820260306161741.0260306t2012||||xx |||||||||||||| ||spa|| aESP a410bV66 aVillantoy Warthon, AlfredoeAUT 0aCuaderno de trabajo de introducción a la comunicación c2012 a169 páginas :c30 cm. aGEN aCED